000 00341 a2200109 4500
001 ART_39599
005 20260410162000.0
008 260409a
245 1 0 _aLa globalización como marco para la Argentina en el Mercosur
100 1 _aFridman, Alejandro M.
773 0 _tPropuestas
_g- Año 3, Nº 6 (dic. 1997)
_wREV28258
999 _c31219
_d31219